LEADER 01088cam2-22003371i-450- 001 990008119910403321 005 20160512154727.0 035 $a000811991 035 $aFED01000811991 035 $a(Aleph)000811991FED01 035 $a000811991 100 $a20050526d1813----km-y0itay50------ba 101 0 $aita 105 $ay-------001yy 200 1 $aProse, commedie, poesie, canti carnascialeschi$fNiccolò Machiavelli 210 $a[Firenze$cPiatti]$d1813 215 $a[2], 464, [2] p.$d8° 307 $aSegn.: pigreco1 [a]8 b-2f8 chi1 461 0$1001000811961$12001$aOpere di Niccolo Machiavelli cittadino e segretario fiorentino$v05 620 $aItalia.$dFirenze 676 $a850.7$v12 rid.$zita 676 $a850.1$v12 rid.$zita 700 1$aMachiavelli,$bNiccolò$f<1469-1527>$0330797 719 00$aPiatti,$bGuglielmo$4650 801 0$aIT$bUNINA$gRICA$2UNIMARC 901 $aAQ 912 $a990008119910403321 952 $aXI MACHIAVELLI 1 (5)$b42678$fFGBC 959 $aFGBC 996 $aProse, commedie, poesie, canti carnascialeschi$9758034 997 $aUNINA LEADER 01000nam a2200241 i 4500 001 991001799699707536 005 20020503153727.0 008 000908s1981 fr ||| | fre 035 $ab10274546-39ule_inst 035 $aEXGIL91688$9ExL 040 $aBiblioteca Interfacoltà$bita 082 0 $a194 100 1 $aKremer Marietti, Angèle$0409199 245 12$aL'anthropologie positiviste d'Auguste Comte :$bthèse presentée devant l'Université de Pari IV, le 19 novembre 1977 /$cAngéle Kremer-Marietti 260 $aLille :$bAtelier reproduction des thèses ; Paris : diffusion Champion,$c1981 300 $aXIV, 576 p. ;$c24 cm. 600 14$aComte, Auguste 907 $a.b10274546$b02-04-14$c27-06-02 912 $a991001799699707536 945 $aLE002 Fil. XVI G 15$g1$i2002000548788$lle002$o-$pE0.00$q-$rl$s- $t0$u0$v0$w0$x0$y.i1032656x$z27-06-02 996 $aAnthropologie positiviste d'Auguste Comte$9210773 997 $aUNISALENTO 998 $ale002$b01-01-00$cm$da $e-$ffre$gfr $h2$i1